[Event "Polanica Zdroj op 59th"]
[Site "Polanica Zdroj"]
[Date "2023.08.22"]
[Round "4"]
[White "Gramer, Kent"]
[Black "Betkowski, Andrzej"]
[Result "1-0"]
[WhiteElo "2091"]
[BlackElo "2022"]
[PlyCount "69"]
[EventDate "2023.08.19"]
[EventType "swiss"]
[EventRounds "9"]
[EventCountry "POL"]
[SourceTitle "CBM 215 Extra"]
[Source "ChessBase"]
[SourceDate "2023.09.30"]
[SourceVersion "1"]
[SourceVersionDate "2023.09.30"]
[SourceQuality "1"]

1. e4 e6 2. d4 d5 3. e5 c5 4. c3 Nc6 5. Nf3 Nge7 6. Bd3 cxd4 7. cxd4 Nf5 8. Be3 Qb6 9. Nc3 Nxe3 10. fxe3 Qxb2 11. Nb5 Qxg2 12. Rf1 Bb4+ 13. Nd2 Bxd2+ 14. Qxd2 Qxd2+ 15. Kxd2 0-0 16. Nd6 Rb8 17. Rab1 Nd8 18. Bb5 f6 19. exf6 Rxf6 20. Rfc1 a6 21. Ba4 Rf2+ 22. Kd3 Rxa2 23. Bb3 Rxh2 24. Nxc8 Nc6 25. Bxd5 exd5 26. Rxc6 bxc6 27. Rxb8 Kf7 28. Rb7+ Kf6 29. Rb6 g5 30. Rxc6+ Kg7 31. Ne7 g4 32. Nxd5 g3 33. Nf4 g2 34. Rc1 Rh1 35. Rc7+ 1-0

[Event "Polanica Zdroj op 59th"]
[Site "Polanica Zdroj"]
[Date "2023.08.20"]
[Round "2"]
[White "Golenia, Wojciech"]
[Black "Betkowski, Andrzej"]
[Result "1-0"]
[WhiteElo "2227"]
[BlackElo "2022"]
[PlyCount "81"]
[EventDate "2023.08.19"]
[EventType "swiss"]
[EventRounds "9"]
[EventCountry "POL"]
[SourceTitle "CBM 215 Extra"]
[Source "ChessBase"]
[SourceDate "2023.09.30"]
[SourceVersion "1"]
[SourceVersionDate "2023.09.30"]
[SourceQuality "1"]

1. e4 e6 2. d4 d5 3. Nd2 h6 4. Ngf3 Nf6 5. e5 Nfd7 6. Bd3 c5 7. c3 Nc6 8. 0-0 g5 9. dxc5 Bxc5 10. Nb3 Bb6 11. Qe2 g4 12. Nfd4 Ncxe5 13. Bb5 Qf6 14. Re1 Bc7 15. Nc5 Rg8 16. g3 a6 17. Bxd7+ Bxd7 18. Nxb7 Nf3+ 19. Nxf3 gxf3 20. Qd3 Rb8 21. Nc5 Bb5 22. Qh7 Rg6 23. Nxe6 fxe6 24. Qxc7 Rd8 25. Be3 Rd7 26. Qb8+ Rd8 27. Qf4 e5 28. Qxf6 Rxf6 29. Bd4 Be2 30. Bxe5 Re6 31. Bd4 Kd7 32. h3 h5 33. Kh2 Rb8 34. b4 Bc4 35. Rxe6 Kxe6 36. g4 hxg4 37. hxg4 Be2 38. Kg3 Kf7 39. Rh1 Kg6 40. Rh5 Rd8 41. Be3 1-0

[Event "Polanica Zdroj op 59th"]
[Site "Polanica Zdroj"]
[Date "2023.08.19"]
[Round "1"]
[White "Betkowski, Andrzej"]
[Black "Orzech, Dominik"]
[Result "1/2-1/2"]
[WhiteElo "2022"]
[BlackElo "2266"]
[PlyCount "158"]
[EventDate "2023.08.19"]
[EventType "swiss"]
[EventRounds "9"]
[EventCountry "POL"]
[SourceTitle "CBM 215 Extra"]
[Source "ChessBase"]
[SourceDate "2023.09.30"]
[SourceVersion "1"]
[SourceVersionDate "2023.09.30"]
[SourceQuality "1"]

1. d4 d5 2. Nc3 Bf5 3. Bf4 e6 4. f3 Bb4 5. e3 Ne7 6. Bd3 0-0 7. Nge2 Nd7 8. 0-0 c5 9. a3 Bxc3 10. bxc3 Rc8 11. Bd6 Bg6 12. Bxe7 Qxe7 13. Bxg6 hxg6 14. f4 Rc7 15. a4 Rfc8 16. Ra2 Nf6 17. Ng3 cxd4 18. cxd4 Rc3 19. Qe2 Qc7 20. Rc1 Qc4 21. Qxc4 R8xc4 22. Nf1 Ng4 23. Rb1 Rc7 24. Rab2 b6 25. a5 bxa5 26. Ra1 Rxc2 27. Rxc2 Rxc2 28. h3 Nf6 29. Rxa5 Ne4 30. g3 Rc7 31. Ra2 Kf8 32. Kg2 Ke8 33. Nh2 Kd8 34. Ng4 Kc8 35. Nf2 Nxf2 36. Kxf2 Kb7 37. Rb2+ Kc6 38. Ra2 Kb5 39. Rb2+ Ka4 40. Ra2+ Kb3 41. Ra6 Kb4 42. Ke2 Kb5 43. Ra2 a5 44. Kd3 a4 45. Rb2+ Ka5 46. Rb8 a3 47. Ra8+ Kb4 48. Rb8+ Ka4 49. Ra8+ Kb3 50. Rb8+ Ka2 51. Kd2 Ka1 52. Rb6 Rc4 53. Rb7 a2 54. Rb8 f6 55. Rb6 g5 56. fxg5 fxg5 57. Rb7 Ra4 58. h4 gxh4 59. gxh4 e5 60. dxe5 Rxh4 61. Kc2 Rc4+ 62. Kd2 Re4 63. Kc2 g5 64. Rf7 Rc4+ 65. Kb3 Rc1 66. Rf2 Rb1+ 67. Ka3 Re1 68. Rxa2+ Kb1 69. Rb2+ Kc1 70. Rb3 Kd2 71. e6 Ra1+ 72. Kb4 Ra6 73. Kc5 Rxe6 74. Kxd5 Rxe3 75. Rb2+ Ke1 76. Rg2 Ra3 77. Ke5 Ra5+ 78. Kf6 Kf1 79. Rxg5 Rxg5 1/2-1/2

[Event "Polanica Zdroj op-A 58th"]
[Site "Polanica Zdroj"]
[Date "2022.08.19"]
[Round "7"]
[White "Nowak, Filip"]
[Black "Betkowski, Andrzej"]
[Result "1/2-1/2"]
[WhiteElo "1957"]
[BlackElo "2063"]
[PlyCount "99"]
[EventDate "2022.08.13"]
[EventType "swiss"]
[EventRounds "9"]
[EventCountry "POL"]
[SourceTitle "CBM 210 Extra"]
[Source "ChessBase"]
[SourceDate "2022.11.30"]
[SourceVersion "1"]
[SourceVersionDate "2022.11.30"]
[SourceQuality "1"]

1. e4 e6 2. d4 d5 3. Nc3 Nc6 4. Nf3 Nf6 5. Bd3 Nb4 6. Bg5 Be7 7. e5 Nxd3+ 8. cxd3 Nd7 9. Bxe7 Qxe7 10. 0-0 a6 11. Qa4 0-0 12. Rac1 c6 13. Qc2 b5 14. a4 Bb7 15. Na2 b4 16. a5 Rab8 17. Qa4 Ba8 18. Nd2 Rb5 19. Nb3 Rfb8 20. Rfd1 f6 21. f4 fxe5 22. fxe5 c5 23. Nxc5 Nxc5 24. dxc5 b3 25. Nc3 Qxc5+ 26. d4 Qb4 27. Ra1 Qxa4 28. Nxa4 Rxa5 29. Nc5 Ra2 30. Nxa6 Rc8 31. Rxa2 bxa2 32. Ra1 Rc4 33. Rxa2 Rxd4 34. Nc5 Bc6 35. Nxe6 Rd1+ 36. Kf2 Rd2+ 37. Kg3 d4 38. Ra6 Rxg2+ 39. Kh3 Be4 40. Nxd4 g5 41. e6 g4+ 42. Kh4 Rxh2+ 43. Kg5 Rxb2 44. Kf6 Rf2+ 45. Ke5 Bg6 46. Ra8+ Rf8 47. Ra1 Rf2 48. Ra8+ Rf8 49. Ra1 Rf2 50. Ra8+ 1/2-1/2

[Event "Lazy Baltic Pearl op-A 18th"]
[Site "Lazy"]
[Date "2022.07.04"]
[Round "9"]
[White "Zabron, Maksym"]
[Black "Betkowski, Andrzej"]
[Result "1-0"]
[WhiteElo "1947"]
[BlackElo "2063"]
[PlyCount "69"]
[EventDate "2022.06.26"]
[EventType "swiss"]
[EventRounds "9"]
[EventCountry "POL"]
[SourceTitle "CBM 209 Extra"]
[Source "ChessBase"]
[SourceDate "2022.09.30"]
[SourceVersion "1"]
[SourceVersionDate "2022.09.30"]
[SourceQuality "1"]

1. Nf3 g6 2. d4 Bg7 3. e4 d6 4. Nc3 a6 5. a4 e6 6. Bd3 Ne7 7. 0-0 Nd7 8. Be3 b6 9. Qd2 h6 10. Ne2 Bb7 11. c4 Nf6 12. d5 e5 13. h3 g5 14. Ng3 Bc8 15. Qc2 Ng6 16. b4 Nf4 17. c5 Bd7 18. Nd2 bxc5 19. bxc5 h5 20. Nc4 h4 21. Ne2 N6h5 22. cxd6 Nxh3+ 23. gxh3 Bxh3 24. dxc7 Qd7 25. f3 Qxc7 26. Nb6 Qxc2 27. Bxc2 Bxf1 28. Rxf1 Rb8 29. a5 Ng3 30. Ba4+ Kd8 31. Nxg3 hxg3 32. Kg2 Rh2+ 33. Kxg3 Ra2 34. Rc1 f6 35. d6 1-0

[Event "Lazy Baltic Pearl op-A 18th"]
[Site "Lazy"]
[Date "2022.07.03"]
[Round "8"]
[White "Rawicz, Karol"]
[Black "Betkowski, Andrzej"]
[Result "1-0"]
[WhiteElo "2186"]
[BlackElo "2063"]
[PlyCount "85"]
[EventDate "2022.06.26"]
[EventType "swiss"]
[EventRounds "9"]
[EventCountry "POL"]
[SourceTitle "CBM 209 Extra"]
[Source "ChessBase"]
[SourceDate "2022.09.30"]
[SourceVersion "1"]
[SourceVersionDate "2022.09.30"]
[SourceQuality "1"]

1. d4 e6 2. Nf3 f5 3. g3 Nf6 4. Bg2 Be7 5. 0-0 0-0 6. c4 d6 7. Nc3 a5 8. Re1 Ne4 9. Qd3 Nxc3 10. Qxc3 Nc6 11. Bd2 e5 12. dxe5 dxe5 13. Rad1 Bb4 14. Qc1 Qe8 15. Bc3 e4 16. Nd4 Ne5 17. a3 Bxc3 18. Qxc3 c6 19. f4 Ng4 20. Nc2 Be6 21. h3 Nf6 22. Rd6 Qe7 23. Qe5 Rfe8 24. Nd4 Bxc4 25. Qxe7 Rxe7 26. Nxf5 Re6 27. g4 g6 28. Rxe6 Bxe6 29. Nd6 Bd5 30. Rc1 b6 31. Nc4 Nd7 32. Kf2 h5 33. g5 Kf7 34. Bxe4 Bxe4 35. Nd6+ Ke7 36. Nxe4 c5 37. a4 Nf8 38. Rd1 Rd8 39. Rxd8 Kxd8 40. Nd6 Nd7 41. Nc4 Ke7 42. Kf3 Ke6 43. Ke4 1-0

[Event "Lazy Baltic Pearl op-A 18th"]
[Site "Lazy"]
[Date "2022.06.29"]
[Round "4"]
[White "Bury, Milosz"]
[Black "Betkowski, Andrzej"]
[Result "1/2-1/2"]
[WhiteElo "1685"]
[BlackElo "2063"]
[PlyCount "83"]
[EventDate "2022.06.26"]
[EventType "swiss"]
[EventRounds "9"]
[EventCountry "POL"]
[SourceTitle "CBM 209 Extra"]
[Source "ChessBase"]
[SourceDate "2022.09.30"]
[SourceVersion "1"]
[SourceVersionDate "2022.09.30"]
[SourceQuality "1"]

1. e4 e6 2. d4 d5 3. exd5 exd5 4. Nf3 Bd6 5. Bd3 Nc6 6. c3 Bg4 7. h3 Bh5 8. Be3 Nge7 9. Qc2 Bg6 10. Nbd2 Qd7 11. Bxg6 Nxg6 12. 0-0-0 0-0-0 13. Nb3 b6 14. h4 h5 15. Rde1 Rde8 16. g3 Nce7 17. Bd2 Qf5 18. Qxf5+ Nxf5 19. Ng5 Nh6 20. Kc2 Kd7 21. a4 c5 22. Nc1 Re7 23. Rxe7+ Nxe7 24. Re1 cxd4 25. cxd4 Nc6 26. Bc3 f6 27. Ne6 Nf5 28. Nd3 Re8 29. Ndf4 Ncxd4+ 30. Nxd4 Nxd4+ 31. Kd3 Rxe1 32. Bxe1 Bxf4 33. Kxd4 Be5+ 34. Kxd5 Bxb2 35. f3 Be5 36. Bf2 Bd6 37. g4 g6 38. gxh5 gxh5 39. Bd4 Be7 40. f4 Bd8 41. f5 a6 42. Bc3 1/2-1/2

[Event "Lazy Baltic Pearl op-A 18th"]
[Site "Lazy"]
[Date "2022.06.28"]
[Round "3"]
[White "Betkowski, Andrzej"]
[Black "Rogala, Milosz"]
[Result "1/2-1/2"]
[WhiteElo "2063"]
[BlackElo "1837"]
[PlyCount "37"]
[EventDate "2022.06.26"]
[EventType "swiss"]
[EventRounds "9"]
[EventCountry "POL"]
[SourceTitle "CBM 209 Extra"]
[Source "ChessBase"]
[SourceDate "2022.09.30"]
[SourceVersion "1"]
[SourceVersionDate "2022.09.30"]
[SourceQuality "1"]

1. e4 c6 2. d4 d5 3. e5 c5 4. dxc5 e6 5. Nf3 Bxc5 6. a3 Ne7 7. Bd3 Ng6 8. 0-0 Nc6 9. b4 Bb6 10. Re1 a5 11. bxa5 Bxa5 12. Bd2 Bc7 13. Bg5 f6 14. exf6 gxf6 15. Bh6 Kf7 16. c4 dxc4 17. Bxc4 Qxd1 18. Rxd1 Nce5 19. Nxe5+ 1/2-1/2

[Event "POL-ch Seniors"]
[Site "Szklarska Poreba"]
[Date "2022.05.17"]
[Round "7"]
[White "Betkowski, Andrzej"]
[Black "Kot, Jerzy"]
[Result "1/2-1/2"]
[WhiteElo "2048"]
[BlackElo "1827"]
[PlyCount "40"]
[EventDate "2022.05.13"]
[EventType "swiss"]
[EventRounds "9"]
[EventCountry "POL"]
[SourceTitle "EXT 2024"]
[Source "ChessBase"]
[SourceDate "2023.10.10"]
[SourceVersion "1"]
[SourceVersionDate "2023.10.10"]
[SourceQuality "1"]

1. e4 g6 2. d4 Bg7 3. Nc3 c6 4. Nf3 d5 5. h3 Nh6 6. Bf4 dxe4 7. Nxe4 Qb6 8. Qd2 Qxb2 9. Rd1 Ng8 10. Bc4 Nf6 11. Nxf6+ Bxf6 12. Ne5 0-0 13. 0-0 Nd7 14. Rb1 Qa3 15. Nxd7 Bxd7 16. Rxb7 Bf5 17. c3 c5 18. Be5 Bxe5 19. dxe5 Qa4 20. Qe2 e6 1/2-1/2

[Event "POL-ch Seniors"]
[Site "Szklarska Poreba"]
[Date "2022.05.15"]
[Round "2"]
[White "Krasowski, Slawomir"]
[Black "Betkowski, Andrzej"]
[Result "0-1"]
[WhiteElo "1835"]
[BlackElo "2048"]
[PlyCount "72"]
[EventDate "2022.05.13"]
[EventType "swiss"]
[EventRounds "9"]
[EventCountry "POL"]
[SourceTitle "EXT 2024"]
[Source "ChessBase"]
[SourceDate "2023.10.10"]
[SourceVersion "1"]
[SourceVersionDate "2023.10.10"]
[SourceQuality "1"]

1. e4 g6 2. d4 Bg7 3. f4 c6 4. Nf3 d5 5. e5 Nh6 6. Bd3 Qb6 7. Nbd2 0-0 8. Nb3 a5 9. a4 f6 10. Nc5 Qc7 11. Qe2 fxe5 12. Nxe5 Qd6 13. Bd2 b6 14. Nb3 Nd7 15. g4 Nxe5 16. fxe5 Qc7 17. h3 c5 18. c4 cxd4 19. Nxd4 Nf7 20. cxd5 Nxe5 21. Be4 Ba6 22. Nb5 Bxb5 23. axb5 Nf3+ 24. Kd1 Nxd2 25. Qxd2 Qc4 26. Re1 Rac8 27. d6 Qb3+ 28. Ke2 Qxb5+ 29. Kd1 exd6 30. Rb1 Qb3+ 31. Ke2 Qxh3 32. Qd5+ Kh8 33. Rg1 Rce8 34. Kd1 Qe3 35. Re1 Qf4 36. Kc2 Re5 0-1

[Event "Rubinstein Memorial-A 55th"]
[Site "Polanica Zdroj"]
[Date "2019.08.25"]
[Round "9"]
[White "Grochol, Kamil"]
[Black "Betkowski, Andrzej"]
[Result "1/2-1/2"]
[WhiteElo "1837"]
[BlackElo "2023"]
[PlyCount "61"]
[EventDate "2019.08.17"]
[EventType "swiss"]
[EventRounds "9"]
[EventCountry "POL"]
[SourceTitle "EXT 2020"]
[Source "ChessBase"]
[SourceDate "2019.10.17"]
[SourceVersion "1"]
[SourceVersionDate "2019.10.17"]
[SourceQuality "1"]

1. e4 e6 2. d4 d5 3. Bd3 dxe4 4. Bxe4 Nf6 5. Bf3 c5 6. Ne2 Nc6 7. Be3 cxd4 8. Nxd4 Nxd4 9. Qxd4 Nd5 10. Bxd5 Qxd5 11. Qxd5 exd5 12. Nc3 Bb4 13. Bd4 0-0 14. 0-0-0 Bxc3 15. Bxc3 Be6 16. Rhe1 Rfe8 17. Re3 f6 18. Rde1 Bd7 19. Bd4 a6 20. Re7 Bc6 21. Kd2 Rxe7 22. Rxe7 Rc8 23. f3 Kf8 24. Bc5 Kg8 25. Bd4 Kf8 26. Bc5 Kg8 27. c3 h5 28. g4 Re8 29. Rxe8+ Bxe8 30. Ke3 hxg4 31. fxg4 1/2-1/2

[Event "Baltic Pearl op 15th"]
[Site "Lazy"]
[Date "2019.06.28"]
[Round "6"]
[White "Hasinski, Krystian"]
[Black "Betkowski, Andrzej"]
[Result "1/2-1/2"]
[WhiteElo "1836"]
[BlackElo "2038"]
[PlyCount "126"]
[EventDate "2019.06.23"]
[EventType "swiss"]
[EventRounds "9"]
[EventCountry "POL"]
[SourceTitle "CBM 191 Extra"]
[Source "ChessBase"]
[SourceDate "2019.09.30"]
[SourceVersion "1"]
[SourceVersionDate "2019.09.30"]
[SourceQuality "1"]

1. c4 f5 2. Nc3 Nf6 3. d4 g6 4. g3 Bg7 5. Bg2 0-0 6. Bg5 d6 7. Qd2 c6 8. Bh6 e5 9. Bxg7 Kxg7 10. 0-0-0 e4 11. h4 d5 12. cxd5 cxd5 13. Nh3 Be6 14. Nf4 Bf7 15. Bh3 h5 16. Kb1 Nc6 17. f3 exf3 18. exf3 Na5 19. Bf1 a6 20. Be2 b5 21. Rc1 Nc4 22. Qd3 Rb8 23. b3 Re8 24. Ka1 Re3 25. Qc2 Nb6 26. Nd1 Re7 27. Nb2 Rc8 28. Qd2 Rec7 29. Nbd3 Nbd7 30. Kb2 Rxc1 31. Rxc1 Rxc1 32. Qxc1 Qb6 33. Nc5 Nb8 34. Qe3 Qd6 35. Bd3 Nc6 36. Nxa6 Nxd4 37. Qxd4 Qxa6 38. Qc5 Nd7 39. Qxb5 Qa7 40. Qb4 Qf2+ 41. Ne2 Ne5 42. Bb5 Nxf3 43. Qc3+ d4 44. Qd3 Bd5 45. Ka3 Be4 46. Qc4 d3 47. Qc7+ Kf6 48. Qd6+ Kf7 49. Bc4+ Ke8 50. Qxg6+ Kd7 51. Qe6+ Kc7 52. Qe7+ Kc6 53. Qf6+ Kc7 54. Qe7+ Kc6 55. Qf6+ Kc7 56. Qg7+ Kc6 57. Nc3 Qc5+ 58. Ka4 d2 59. Qf6+ Kc7 60. Qf7+ Kd8 61. Qg8+ Kc7 62. Qf7+ Kd8 63. Qf6+ Kc7 1/2-1/2

[Event "Rubinstein Memorial-A 54th"]
[Site "Polanica Zdroj"]
[Date "2018.08.26"]
[Round "9"]
[White "Sanz Wawer, Daniel"]
[Black "Betkowski, Andrzej"]
[Result "1/2-1/2"]
[WhiteElo "2180"]
[BlackElo "2041"]
[PlyCount "125"]
[EventDate "2018.08.18"]
[EventType "swiss"]
[EventRounds "9"]
[EventCountry "POL"]
[SourceTitle "CBM 186 Extra"]
[Source "ChessBase"]
[SourceDate "2018.08.24"]
[SourceVersion "1"]
[SourceVersionDate "2018.08.24"]
[SourceQuality "1"]

1. d4 e6 2. c4 b6 3. Nc3 Bb7 4. Nf3 Bb4 5. Qc2 f5 6. a3 Bxc3+ 7. Qxc3 Nf6 8. g3 0-0 9. Bg2 Qe7 10. 0-0 d6 11. b4 c5 12. Bg5 Nbd7 13. bxc5 dxc5 14. Rfd1 cxd4 15. Qxd4 Nc5 16. Qb2 Rad8 17. Bf4 Rxd1+ 18. Rxd1 Rd8 19. Rxd8+ Qxd8 20. Nd2 Nfe4 21. Nxe4 Qd1+ 22. Bf1 Bxe4 23. Qe5 Qd7 24. Qb8+ Kf7 25. h4 h5 26. Qh8 Kg6 27. Be5 Qe7 28. f3 Nd7 29. Bd4 Bc6 30. g4 fxg4 31. fxg4 Nf6 32. gxh5+ Nxh5 33. Qg8 Qd6 34. Bf2 Nf6 35. h5+ Nxh5 36. e3 Nf6 37. Qh8 Nh7 38. e4 Qf4 39. Bg2 Nf6 40. Qh3 Bxe4 41. Qxe6 Bxg2 42. Kxg2 Qe4+ 43. Qxe4+ Nxe4 44. Bd4 Kf7 45. Kh3 g5 46. Kg4 Kg6 47. Be3 Nf6+ 48. Kf3 Kf5 49. c5 Nd5 50. cxb6 axb6 51. Bd4 g4+ 52. Kg3 b5 53. Ba7 Nc3 54. Bb8 Ne4+ 55. Kg2 Ke6 56. Bf4 Kd5 57. Bh6 Kc4 58. Bf8 Kb3 59. Be7 Nd2 60. Kg3 Nc4 61. Kxg4 Nxa3 62. Kf3 Nc2 63. Ke4 1/2-1/2

[Event "Rubinstein Memorial-A 54th"]
[Site "Polanica Zdroj"]
[Date "2018.08.19"]
[Round "2"]
[White "Betkowski, Andrzej"]
[Black "Psyk, Radoslaw"]
[Result "0-1"]
[WhiteElo "2041"]
[BlackElo "2304"]
[PlyCount "70"]
[EventDate "2018.08.18"]
[EventType "swiss"]
[EventRounds "9"]
[EventCountry "POL"]
[SourceTitle "CBM 186 Extra"]
[Source "ChessBase"]
[SourceDate "2018.08.24"]
[SourceVersion "1"]
[SourceVersionDate "2018.08.24"]
[SourceQuality "1"]

1. e4 Nf6 2. e5 Nd5 3. d4 d6 4. c4 Nb6 5. exd6 exd6 6. Nc3 Be7 7. h3 0-0 8. Nf3 Bf6 9. Be3 Be6 10. b3 d5 11. c5 Nc8 12. Rc1 Nc6 13. Be2 N8e7 14. g4 Ng6 15. b4 Nxb4 16. Qb3 Nc6 17. g5 Be7 18. Qxb7 Na5 19. Qb1 Rb8 20. Qd3 Nc4 21. h4 Re8 22. h5 Nf8 23. Rg1 Qd7 24. Ne5 Nxe5 25. dxe5 Red8 26. Bd4 Bf5 27. Qe3 Ne6 28. Bf3 c6 29. Ne2 Rb4 30. Bh1 Rc4 31. f4 Nxd4 32. Nxd4 Bxc5 33. Rd1 Qb7 34. g6 Qb4+ 35. Kf1 Rxd4 0-1

[Event "Suwalki Warakomska Memorial-B 1st"]
[Site "Suwalki"]
[Date "2017.08.16"]
[Round "7"]
[White "Pytel, Maciej"]
[Black "Betkowski, Andrzej"]
[Result "0-1"]
[WhiteElo "1967"]
[BlackElo "2038"]
[PlyCount "63"]
[EventDate "2017.08.11"]
[EventType "swiss"]
[EventRounds "9"]
[EventCountry "POL"]
[SourceTitle "CBM 180 Extra"]
[Source "ChessBase"]
[SourceDate "2017.10.06"]
[SourceVersion "1"]
[SourceVersionDate "2017.10.06"]
[SourceQuality "1"]

1. f4 d5 2. Nf3 Bg4 3. Ne5 Bh5 4. c4 f6 5. Qa4+ c6 6. Nd3 dxc4 7. Qxc4 Nd7 8. g3 Bf7 9. Qc2 Bd5 10. Rg1 Qb6 11. Nf2 e5 12. e4 Bf7 13. Rg2 f5 14. b3 Ngf6 15. Bb2 Bd6 16. Na3 fxe4 17. Nh3 e3 18. 0-0-0 Bxa3 19. Bxa3 Bd5 20. fxe5 Nxe5 21. Qf5 Qd4 22. Bb2 Qc5+ 23. Bc3 exd2+ 24. Kb2 Bxg2 25. Qe6+ Qe7 26. Qxe7+ Kxe7 27. Bxg2 Ned7 28. Rxd2 Rhe8 29. Bb4+ Kf7 30. Ng5+ Kg8 31. Bh3 c5 32. Bc3 0-1

[Event "Rubinstein Memorial 52nd"]
[Site "Polanica Zdroj"]
[Date "2016.08.20"]
[Round "1"]
[White "Betkowski, Andrzej"]
[Black "Socko, Monika"]
[Result "0-1"]
[WhiteElo "2111"]
[BlackElo "2454"]
[PlyCount "114"]
[EventDate "2016.08.20"]
[EventType "swiss"]
[EventRounds "10"]
[EventCountry "POL"]
[SourceTitle "CBM 174 Extra"]
[Source "ChessBase"]
[SourceDate "2016.10.10"]
[SourceVersion "1"]
[SourceVersionDate "2016.10.10"]
[SourceQuality "1"]

1. e4 c5 2. Nc3 Nc6 3. g3 g6 4. Bg2 Bg7 5. d3 e6 6. Be3 Nd4 7. Nce2 Ne7 8. c3 Nxe2 9. Nxe2 Qc7 10. Qd2 d5 11. 0-0 0-0 12. Bh6 Rd8 13. Bxg7 Kxg7 14. Qe3 dxe4 15. dxe4 e5 16. f4 Bg4 17. f5 f6 18. h3 Bxe2 19. Qxe2 Rd6 20. fxg6 hxg6 21. Rad1 Rad8 22. Bf3 c4 23. Rxd6 Rxd6 24. Kg2 Nc8 25. h4 Nb6 26. Rd1 Qd7 27. Rxd6 Qxd6 28. b3 cxb3 29. axb3 Nd7 30. h5 Nc5 31. hxg6 Kxg6 32. Bh5+ Kh6 33. Bf7 Kg7 34. Bc4 Ne6 35. Bxe6 Qxe6 36. Qb5 b6 37. Qa4 Kg6 38. c4 Qd6 39. Qxa7 Qd2+ 40. Kh3 Qe1 41. Kh2 Qe2+ 42. Kg1 Qd1+ 43. Kf2 Qc2+ 44. Kf3 Qxb3+ 45. Kf2 Qc2+ 46. Kf3 Qd3+ 47. Kf2 Qxe4 48. Qxb6 Qxc4 49. Qb8 Qd4+ 50. Kg2 Qd5+ 51. Kf2 Qd2+ 52. Kf3 Qc3+ 53. Kf2 Kf5 54. Qb1+ e4 55. Qb8 Qd2+ 56. Kg1 Kg4 57. Qc8+ f5 0-1

[Event "Krakow Europejski op"]
[Site "Krakow"]
[Date "2016.05.08"]
[Round "9"]
[White "Betkowski, Andrzej"]
[Black "Grabarczyk, Miroslaw"]
[Result "0-1"]
[WhiteElo "2092"]
[BlackElo "2442"]
[PlyCount "120"]
[EventDate "2016.05.01"]
[EventType "swiss"]
[EventRounds "9"]
[EventCountry "POL"]
[SourceTitle "EXT 2018"]
[Source "ChessBase"]
[SourceDate "2017.10.13"]
[SourceVersion "1"]
[SourceVersionDate "2017.10.13"]
[SourceQuality "1"]

1. e4 e5 2. Nf3 Nc6 3. d4 exd4 4. Nxd4 Nf6 5. Nxc6 bxc6 6. e5 Qe7 7. Qe2 Nd5 8. c4 Nb6 9. Nc3 Qe6 10. Qe4 Bb4 11. Bd2 Bxc3 12. Bxc3 d5 13. Qd4 dxc4 14. Be2 0-0 15. f4 Qd5 16. Qf2 Na4 17. Rd1 Qb5 18. 0-0 Nxc3 19. bxc3 Bf5 20. Qd4 Qb6 21. Bxc4 Rfd8 22. Qf2 Rab8 23. Rd4 Rxd4 24. cxd4 Rd8 25. Rd1 Qb4 26. Bb3 c5 27. dxc5 Rxd1+ 28. Bxd1 Be6 29. h3 g6 30. f5 gxf5 31. Bc2 Qb2 32. Qf4 Kf8 33. Bxf5 Bxf5 34. Qxf5 Qc1+ 35. Kh2 Qxc5 36. Qf4 Ke8 37. Qa4+ c6 38. Qf4 Qd5 39. Qf5 Kd8 40. a4 c5 41. Qxh7 Qxe5+ 42. Kg1 Qe3+ 43. Kf1 Qf4+ 44. Ke2 c4 45. Qh8+ Kd7 46. Qc3 Qe4+ 47. Kf2 a6 48. Qd2+ Kc6 49. Qe2 Qd4+ 50. Kf3 Qf6+ 51. Ke3 Kc5 52. Qc2 Kb4 53. Ke2 Qe5+ 54. Kf2 c3 55. g3 Qf6+ 56. Kg2 Qg6 57. Qa2 Qe4+ 58. Kf2 c2 59. Qb2+ Kc4 60. Qc1 Kb3 0-1

[Event "Krakow Europejski op"]
[Site "Krakow"]
[Date "2016.05.01"]
[Round "1"]
[White "Kochev, Igor"]
[Black "Betkowski, Andrzej"]
[Result "1-0"]
[WhiteElo "1730"]
[BlackElo "2092"]
[PlyCount "111"]
[EventDate "2016.05.01"]
[EventType "swiss"]
[EventRounds "9"]
[EventCountry "POL"]
[SourceTitle "EXT 2018"]
[Source "ChessBase"]
[SourceDate "2017.10.13"]
[SourceVersion "1"]
[SourceVersionDate "2017.10.13"]
[SourceQuality "1"]

1. e4 e6 2. d4 d5 3. e5 c5 4. c3 Nc6 5. Nf3 Bd7 6. Be2 f6 7. Bf4 fxe5 8. dxe5 Qc7 9. Na3 a6 10. 0-0 Nh6 11. Bd3 Nf7 12. Re1 g6 13. Ng5 Nxg5 14. Bxg5 Be7 15. Bxe7 Nxe7 16. Nc2 0-0 17. Qd2 Rf7 18. f4 Raf8 19. Rf1 b5 20. g3 Bc6 21. b4 Bb7 22. bxc5 Qxc5+ 23. Nd4 Nc6 24. Qe3 b4 25. Rfe1 bxc3 26. Nxe6 Qxe3+ 27. Rxe3 Rc8 28. Bc2 Re7 29. Ng5 Nd4 30. Bd3 h6 31. Nf3 Nf5 32. Bxf5 gxf5 33. Nd4 Rf7 34. Rc1 Rc4 35. Rd3 Bc8 36. Rcxc3 Rfc7 37. Rxc4 Rxc4 38. Kf2 a5 39. Ke3 Kf7 40. Nb5 Rc5 41. Nd6+ Ke6 42. Nxc8 Rxc8 43. Ra3 Rc5 44. Kd3 Kd7 45. Rc3 Rb5 46. Kd4 Rb2 47. Kxd5 Rd2+ 48. Kc5 Rxa2 49. h4 Ke7 50. Kc6 Rd2 51. Kb5 Rd5+ 52. Kc4 Rd2 53. Ra3 Re2 54. Rxa5 Re3 55. Ra7+ Ke8 56. Kd5 1-0

[Event "Krakow op-A 26th"]
[Site "Krakow"]
[Date "2016.01.03"]
[Round "8"]
[White "Lys, Josef"]
[Black "Betkowski, Andrzej"]
[Result "0-1"]
[WhiteElo "2201"]
[BlackElo "2108"]
[PlyCount "66"]
[EventDate "2015.12.27"]
[EventType "swiss"]
[EventRounds "9"]
[EventCountry "POL"]
[SourceTitle "CBM 170 Extra"]
[Source "ChessBase"]
[SourceDate "2016.02.25"]
[SourceVersion "1"]
[SourceVersionDate "2016.02.25"]
[SourceQuality "1"]

1. d4 g6 2. e4 Bg7 3. Bc4 d6 4. Nf3 c6 5. Nc3 b5 6. Bb3 a6 7. Qe2 e6 8. 0-0 Ne7 9. Be3 Nd7 10. Rad1 h6 11. Ne1 d5 12. f4 b4 13. Na4 dxe4 14. Bf2 Nf6 15. Nc5 Ned5 16. g3 a5 17. Ng2 0-0 18. Ne3 Nb6 19. Nc4 Nfd5 20. Ne5 a4 21. Bc4 e3 22. Bxe3 Nxe3 23. Qxe3 Bxe5 24. dxe5 Nxc4 25. Qe2 Qb6 26. Qxc4 Ra5 27. Rd4 Rxc5 28. Qxb4 Rb5 29. Qxa4 Rxb2 30. Rf2 c5 31. Rd6 Rb1+ 32. Kg2 Bb7+ 33. Kh3 Qb5 0-1

[Event "Krakow op-A 26th"]
[Site "Krakow"]
[Date "2016.01.02"]
[Round "7"]
[White "Kowalski, Igor"]
[Black "Betkowski, Andrzej"]
[Result "0-1"]
[WhiteElo "2198"]
[BlackElo "2108"]
[PlyCount "66"]
[EventDate "2015.12.27"]
[EventType "swiss"]
[EventRounds "9"]
[EventCountry "POL"]
[SourceTitle "CBM 170 Extra"]
[Source "ChessBase"]
[SourceDate "2016.02.25"]
[SourceVersion "1"]
[SourceVersionDate "2016.02.25"]
[SourceQuality "1"]

1. d4 g6 2. c4 f5 3. g3 Nf6 4. Bg2 Bg7 5. Nf3 0-0 6. 0-0 d6 7. b3 c6 8. Bb2 a5 9. Nc3 Na6 10. Qc2 Bd7 11. Rad1 Rc8 12. Rfe1 b5 13. Nd2 e5 14. e3 e4 15. Bf1 g5 16. Qb1 Nc7 17. d5 b4 18. dxc6 bxc3 19. cxd7 Nxd7 20. Nxe4 fxe4 21. Ba3 Qf6 22. Re2 Nc5 23. Bxc5 dxc5 24. Qxe4 Rcd8 25. Rde1 Rd2 26. Bg2 Qd6 27. Qb1 c2 28. Qc1 Rxe2 29. Rxe2 Qd1+ 30. Re1 Qxe1+ 31. Qxe1 Bb2 32. Qe2 c1Q+ 33. Bf1 Qc3 0-1